The JCT design and build contract 2005 (Record no. 106149)

MARC details
000 -LEADER
fixed length control field 01597cam a22002655a 4500
001 - CONTROL NUMBER
control field L135682
008 - FIXED-LENGTH DATA ELEMENTS--GENERAL INFORMATION
fixed length control field 061124s2007 xxk f 001 0 eng u
020 ## - INTERNATIONAL STANDARD BOOK NUMBER
International Standard Book Number 1405159243
-- 9781405159241
035 ## - SYSTEM CONTROL NUMBER
System control number (Sirsi) u135682
050 04 - LIBRARY OF CONGRESS CALL NUMBER
Classification number 692.8 $2 18
100 ## - MAIN ENTRY--PERSONAL NAME
Personal name Chappell, David
245 04 - TITLE STATEMENT
Title The JCT design and build contract 2005
Medium [electronic resource]
250 ## - EDITION STATEMENT
Edition statement 3rd ed.
260 ## - PUBLICATION, DISTRIBUTION, ETC.
Place of publication, distribution, etc. Oxford
Name of publisher, distributor, etc. Blackwell Publishing
Date of publication, distribution, etc. 2007
300 ## - PHYSICAL DESCRIPTION
Extent eBook
505 1# - FORMATTED CONTENTS NOTE
Formatted contents note Introduction -- Contract documents -- Design liability -- The contractor's obligations -- The employer's powers and duties -- Sub-contractors and statutory requirements -- Possession, practical completion and rectification -- Extension of time -- Financial claims -- Payment -- Insurance and indemnities -- Termination -- Dispute resolution
520 ## - SUMMARY, ETC.
Summary, etc. This eBook has been revised to take account of the new contract terms and different structures of 2005 JCT Design and Build Contract. It considers the latest RIBA Terms of Engagement, the standard novation agreements from CIC and the City of London Law Society, and more than 70 additional cases. Discusses problem areas such as the allocation of design responsibility, discrepancies, the role of the employer's agent, payment provisions and the approval of drawings.
521 ## - TARGET AUDIENCE NOTE
Target audience note Advanced
590 ## - LOCAL NOTE (RLIN)
Local note KA
650 24 - SUBJECT ADDED ENTRY--TOPICAL TERM
Topical term or geographic name entry element EBOOK
651 #4 - SUBJECT ADDED ENTRY--GEOGRAPHIC NAME
Geographic name United Kingdom
Chronological subdivision
690 ## - LOCAL SUBJECT ADDED ENTRY--TOPICAL TERM (OCLC, RLIN)
Topical term or geographic name as entry element BUILT ENVIRONMENT-CONSTRUCTION MANAGEMENT-BUILDING CONTRACT ADMINISTRATION
856 41 - ELECTRONIC LOCATION AND ACCESS
Uniform Resource Identifier <a href="https://www.vlebooks.com/">https://www.vlebooks.com/</a>
Public note View on VLEbooks. Logins for members only from [email protected]
942 ## - ADDED ENTRY ELEMENTS (KOHA)
Suppress in OPAC 0
Holdings
Withdrawn status Lost status Damaged status Not for loan Home library Current library Shelving location Date acquired Cost, normal purchase price Total Checkouts Full call number Barcode Date last seen Date last checked out Copy number Cost, replacement price Price effective from Koha item type Source of classification or shelving scheme
  Missing from bundle     London London Missing 27/07/2007 59.50 3 692.8 CHA 30074174 06/08/2019 18/02/2008 2 59.50 06/08/2019 Book  
  Missing from bundle     London London Missing 14/11/2008 59.50 14 692.8 CHA 30076404 06/08/2019 19/07/2011 3 59.50 06/08/2019 Book  
  Missing from bundle     London London Books 24/09/2010 106.99   692.8 CHA 135682-1004 06/08/2019   4 106.99 06/08/2019 Book  
        Virtual Virtual Online 15/07/2010     EBOOK 135682-3001 06/08/2019   1   06/08/2019 Book Dewey Decimal Classification